| 000 | 00895cam a2200265 a 4500 | ||
|---|---|---|---|
| 001 | 000002833 | ||
| 005 | 20200929150251.0 | ||
| 008 | 950420s1994 uy 0 000 j spa d | ||
| 020 | _a9974360250 | ||
| 040 |
_aDO-SdBNP _cDLC |
||
| 082 |
_aU863.3 _bQ8c |
||
| 100 | 1 |
_aQuiroga, Horacio, _d1879-1937 _98970 |
|
| 245 | 1 | 0 |
_aCuentos / _cHoracio Quiroga ; selección, prólogo, bibliografía, cronología y notas de Pablo Rocca. |
| 260 |
_aMontevideo, (Uruguay) : _bInstituto Nacional del Libro, _c1994. |
||
| 300 |
_a278 p. ; _c23 cm. |
||
| 490 | 1 |
_aBrazo corto _v8 |
|
| 504 | _aIncluye bibliografía anotada y cronología bio/bibliográfica (p. 207-276). | ||
| 650 | 4 |
_aCuentos uruguayos _98971 |
|
| 650 | 4 |
_aLiteratura uruguaya _93054 |
|
| 700 | 1 |
_aRocca, Pablo, _epról. _98972 |
|
| 830 | 0 |
_aBrazo corto; _v8 _98973 |
|
| 910 | _aCatalogación por copia / LC | ||
| 910 | _aWM | ||
| 049 | _aBNGR | ||
| 999 |
_c2667 _d2667 |
||